[Event "Titled Tuesday intern op 27th Apr"]
[Site "Chess.com INT"]
[Date "2021.04.27"]
[Round "2"]
[White "Djaparov, Medet"]
[Black "Prilleltensky, Matan"]
[Result "1-0"]
[WhiteElo "1691"]
[BlackElo "2136"]
[PlyCount "65"]
[EventDate "2021.04.27"]
[EventType "swiss (blitz)"]
[EventRounds "11"]
[EventCountry "USA"]
[SourceTitle "CBM 202 Extra"]
[Source "ChessBase"]
[SourceDate "2021.07.31"]
[SourceVersion "1"]
[SourceVersionDate "2021.07.31"]
[SourceQuality "1"]

1. e4 c5 2. Nf3 e6 3. d4 cxd4 4. Nxd4 a6 5. c4 Nf6 6. Nc3 Qc7 7. f3 Bd6 8. g3 h5 9. f4 Bb4 10. Qf3 b5 11. Bd2 Bb7 12. Bd3 bxc4 13. Bc2 Nc6 14. Nxc6 Qxc6 15. 0-0-0 0-0 16. Qe2 Bxc3 17. Bxc3 Nxe4 18. Bd4 g6 19. Rhe1 d5 20. g4 h4 21. f5 c3 22. Qe3 cxb2+ 23. Kb1 e5 24. Bxe5 f6 25. Bxb2 Rac8 26. Bb3 Kg7 27. fxg6 d4 28. Qxd4 Rfd8 29. Qxd8 Rxd8 30. Rxd8 Nc3+ 31. Ka1 a5 32. Rg8+ Kh6 33. Bc1# 1-0

[Event "Titled Tuesday intern op 20th Apr"]
[Site "Chess.com INT"]
[Date "2021.04.20"]
[Round "9"]
[White "Benitez Lozano, Javier"]
[Black "Prilleltensky, Matan"]
[Result "0-1"]
[WhiteElo "2367"]
[BlackElo "2136"]
[PlyCount "147"]
[EventDate "2021.04.20"]
[EventType "swiss (blitz)"]
[EventRounds "11"]
[EventCountry "USA"]
[SourceTitle "CBM 202 Extra"]
[Source "ChessBase"]
[SourceDate "2021.07.31"]
[SourceVersion "1"]
[SourceVersionDate "2021.07.31"]
[SourceQuality "1"]

1. d4 d5 2. Nc3 Nf6 3. Bf4 e6 4. e3 Bb4 5. Bd3 c5 6. dxc5 Qa5 7. Nge2 Bxc5 8. a3 Qd8 9. 0-0 0-0 10. e4 Nc6 11. Ng3 Be7 12. exd5 exd5 13. Nf5 Bxf5 14. Bxf5 Re8 15. Qd3 g6 16. Bh3 d4 17. Nb5 Nd5 18. Bg3 Qb6 19. Bd7 Red8 20. Bxc6 bxc6 21. Nxd4 c5 22. Nb3 Rac8 23. Qc4 Bf6 24. Rab1 Qc6 25. c3 Kg7 26. Rfd1 Nb6 27. Qe2 Re8 28. Qf1 Qe6 29. Na5 h5 30. Re1 Qd7 31. Rbd1 Qa4 32. b4 h4 33. Bf4 Qxa3 34. Rxe8 Rxe8 35. Nc4 Qxc3 36. Nxb6 axb6 37. bxc5 bxc5 38. Rc1 Qb4 39. Be3 Bd4 40. Bxd4+ cxd4 41. Rd1 Rd8 42. h3 Qc3 43. Qd3 Qxd3 44. Rxd3 Kf6 45. Kf1 Ke5 46. Ke2 Ra8 47. Rd2 Ra3 48. Rb2 f5 49. Rb6 g5 50. Rb5+ Ke4 51. Rb2 Rc3 52. Ra2 d3+ 53. Kd2 Rc2+ 54. Rxc2 dxc2 55. Kxc2 g4 56. Kd2 gxh3 57. gxh3 Kf3 58. Ke1 Kg2 59. Ke2 f4 60. Ke1 f3 61. Kd2 Kxf2 62. Kd3 Kg2 63. Ke4 f2 64. Kf4 f1Q+ 65. Kg4 Qf3+ 66. Kxh4 Qxh3+ 67. Kg5 Qf3 68. Kh4 Kf2 69. Kg5 Ke3 70. Kh4 Qg2 71. Kh5 Kf4 72. Kh6 Kf5 73. Kh7 Kf6 74. Kh8 0-1

[Event "Titled Tuesday intern op 20th Apr"]
[Site "Chess.com INT"]
[Date "2021.04.20"]
[Round "6"]
[White "Correa, Jose Augusto"]
[Black "Prilleltensky, Matan"]
[Result "0-1"]
[WhiteElo "1883"]
[BlackElo "2136"]
[PlyCount "134"]
[EventDate "2021.04.20"]
[EventType "swiss (blitz)"]
[EventRounds "11"]
[EventCountry "USA"]
[SourceTitle "CBM 202 Extra"]
[Source "ChessBase"]
[SourceDate "2021.07.31"]
[SourceVersion "1"]
[SourceVersionDate "2021.07.31"]
[SourceQuality "1"]

1. d4 d5 2. e3 Nf6 3. Bd3 Nc6 4. f4 Bg4 5. Nf3 e6 6. c3 Bd6 7. 0-0 0-0 8. Nbd2 Ne7 9. Qe1 c5 10. Ne5 Bf5 11. Bxf5 exf5 12. Rf3 Ne4 13. Rh3 f6 14. Nef3 Ng6 15. Nh4 Qd7 16. Ndf3 Kf7 17. Bd2 Rae8 18. Nxg6 hxg6 19. Rd1 Rh8 20. Rxh8 Rxh8 21. Qe2 Qe7 22. Be1 c4 23. Bh4 g5 24. fxg5 fxg5 25. Bf2 g4 26. Nh4 Rxh4 27. Bxh4 Qxh4 28. g3 Qh3 29. Rf1 g6 30. Qg2 Qxg2+ 31. Kxg2 Ng5 32. b3 Ne4 33. bxc4 dxc4 34. Rc1 Bc7 35. Rb1 b6 36. Rb4 Nd6 37. h3 a5 38. Rb1 gxh3+ 39. Kxh3 Ne4 40. g4 Nf2+ 41. Kg2 Nxg4 42. Kf3 Nf6 43. Rd1 Ke6 44. a4 Ne4 45. d5+ Kd6 46. Rd4 Nxc3 47. Rxc4 Nxd5 48. Rd4 Kc5 49. Rh4 Nc3 50. Rh7 Be5 51. Re7 Kd6 52. Rf7 Nxa4 53. Rb7 Kc6 54. Ra7 Nc5 55. Rh7 a4 56. e4 fxe4+ 57. Ke3 a3 58. Rh6 a2 59. Rxg6+ Kb5 60. Rg1 a1Q 61. Rxa1 Bxa1 62. Ke2 Kc4 63. Kd1 Kd3 64. Kc1 e3 65. Kb1 e2 66. Ka2 e1Q 67. Ka3 Qa5# 0-1

[Event "Titled Tuesday intern op 20th Apr"]
[Site "Chess.com INT"]
[Date "2021.04.20"]
[Round "8"]
[White "Prilleltensky, Matan"]
[Black "Golizadeh, Asghar"]
[Result "1-0"]
[WhiteElo "2136"]
[BlackElo "2455"]
[PlyCount "93"]
[EventDate "2021.04.20"]
[EventType "swiss (blitz)"]
[EventRounds "11"]
[EventCountry "USA"]
[SourceTitle "CBM 202 Extra"]
[Source "ChessBase"]
[SourceDate "2021.07.31"]
[SourceVersion "1"]
[SourceVersionDate "2021.07.31"]
[SourceQuality "1"]

1. c4 e5 2. Nc3 Nf6 3. Nf3 Nc6 4. e3 Bb4 5. Qc2 Bxc3 6. Qxc3 d5 7. Nxe5 Ne4 8. Nxc6 Nxc3 9. Nxd8 Ne4 10. Nxf7 Kxf7 11. cxd5 Rd8 12. f3 Nd6 13. e4 c6 14. e5 Nf5 15. d6 Be6 16. Bd3 Nd4 17. 0-0 h5 18. f4 Bd5 19. b3 Re8 20. Bb2 Ne6 21. f5 Nc5 22. Bc2 a5 23. Rae1 Rad8 24. e6+ Kg8 25. d7 Re7 26. Be5 Nxe6 27. fxe6 Rxe6 28. Bf5 Re7 29. Bc7 Rxe1 30. Rxe1 Rf8 31. d8Q Rxd8 32. Bxd8 a4 33. Be6+ Bxe6 34. Rxe6 axb3 35. axb3 c5 36. Rb6 c4 37. bxc4 g5 38. Rxb7 g4 39. Bg5 g3 40. hxg3 h4 41. gxh4 Kf8 42. Kf2 Kg8 43. Kf3 Kf8 44. Kf4 Kg8 45. Kf5 Kh8 46. Kg6 Kg8 47. Rb8# 1-0